[Event "ICS rated blitz match"]
[Site "204.178.125.65"]
[Date "1999.09.18"]
[Round "?"]
[White "Hossa"]
[Black "WhiteHorse"]
[Result "1-0"]
[WhiteElo "2539"]
[BlackElo "2419"]
[Annotator "Fritz 5.32 (20s)"]
[PlyCount "117"]
[EventDate "1999.??.??"]

1. e4 1... d5 {Opening = B01 - 1.e4 d5} 2. e5 Nc6 3. d4 e6 4. Ne2 $146 (4. c3
b6 5. Bd3 Bb7 6. Ne2 g6 7. O-O Bg7 8. f4 Nge7 9. Nd2 Qd7 10. Nf3 Na5 11. b3 c5
12. Be3 Rc8 13. Rc1 O-O 14. g4 cxd4 15. Nfxd4 Nac6 16. f5 exf5 17. gxf5 Bxe5
18. Qe1 18... Nxd4 {Kariz,P-Zorman,V/Ljubljana 1994/TD/0-1 (34)}) (4. f4 b6 (
4... g6 5. Nf3 Bg7 6. Be2 Nh6 7. O-O O-O 8. Be3 Ng4 9. Qd2 Nxe3 10. Qxe3 Bd7
11. c3 Ne7 12. Nbd2 a6 13. a4 Nf5 14. Qd3 Qe8 15. b3 Bh6 16. g4 Ne7 17. g5 Bg7
18. Kf2 Nf5 19. Rh1 {Reardon,S-Winder,T/Canberra 1992/EXT 98/1-0 (33)}) 5. Nf3
Bb7 6. Bd3 Qd7 7. O-O f5 8. Be3 Nge7 9. Nbd2 Nb4 10. Be2 Rc8 11. a3 Na6 12. c4
dxc4 13. Bxc4 Nd5 14. Qe2 Nb8 15. Rac1 Be7 16. Nb1 O-O 17. Nc3 Rfd8 18. Nxd5
18... Bxd5 {Topi Hulmi,T-Jarvela,J/Turku 1998/EXT 99/ - (89)}) (4. a3 Be7 5.
Be3 f6 6. f4 f5 7. Qh5+ g6 8. Qh3 b6 9. Nf3 Bb7 10. c3 Qd7 11. Nbd2 O-O-O 12.
b4 a6 13. Bd3 b5 14. Nb3 h6 15. Qg3 Qe8 16. Ke2 Bf8 17. Rhb1 h5 18. Ra2 18...
Nh6 {Sanchez,I-Perez/Las Palmas 1993/EXT 98/0-1 (48)}) 4... b6 5. Nf4 Bb7 6.
Bb5 a6 7. Bxc6+ Bxc6 8. Nc3 Ne7 9. O-O Ng6 10. Nxg6 $15 (10. Qh5 10... Qh4 $11)
10... hxg6 11. a4 Bb4 12. Ne2 12... Qh4 {Mit der Mattdrohung Qxh2} 13. Bf4
O-O-O 14. a5 b5 15. c3 Be7 16. f3 g5 17. Bg3 Qh5 18. f4 g4 19. Qd3 {
Weiss plant f5} 19... Rh7 20. f5 {
Spiel gegen die Bauernkette. Weiss erhaelt starke Initiative} 20... Rdh8 $16 {
Wird h2 fallen?} (20... exf5 $5 $142 {kam sehr in Betracht} 21. Rxf5 21... g5
$14) 21. fxe6 fxe6 22. Nf4 Qh6 23. Ng6 Re8 24. Nxe7+ Rxe7 25. Rf8+ Kb7 26. Raf1
g5 27. R1f6 Qh5 28. Qg6 Qxg6 29. Rxg6 Rhg7 30. Rg8 $1 {nun ist alles klar}
30... Rxg6 31. Rxg6 b4 32. Rxg5 bxc3 33. bxc3 Rf7 34. Rxg4 {
g2 wird ein starker Freibauer werden} 34... Bb5 {Droht Matt: Rf1} 35. Rf4 (35.
Bf2 $5 35... Bd3 $18) 35... Rg7 $2 (35... Rxf4 $142 36. Bxf4 36... Kc8 $18) 36.
Rf6 Bd7 37. Bf4 c5 38. dxc5 Kc6 39. Be3 Kb5 40. c6 (40. Rf4 $5 {ist genauer}
40... Kxa5 41. h4 41... Bc8 $18) 40... Kxc6 41. Rf4 41... Kb5 $2 (41... Be8 $18
) 42. Rb4+ Kc6 43. Rb6+ Kc7 44. Rxa6 Bc6 (44... Rg4 $18 {
ist vielleicht noch ein Schwindelversuch}) 45. Ra7+ Bb7 46. a6 Kb8 47. Rxb7+
Rxb7 48. axb7 Kxb7 49. h4 Kc7 50. h5 Kd7 51. h6 Ke7 52. h7 d4 53. Bxd4 {
Droht Matt} 53... Kd7 54. h8=Q Kc6 55. Qa8+ Kb5 56. Qc8 Ka4 57. Qb8 Ka3 58. Qb1
Ka4 59. Qb4# 1-0

[Event "ICS rated blitz match"]
[Site "204.178.125.65"]
[Date "1999.09.18"]
[Round "?"]
[White "Hossa"]
[Black "WhiteHorse"]
[Result "1-0"]
[WhiteElo "2577"]
[BlackElo "2381"]
[Annotator "Fritz 5.32 (20s)"]
[PlyCount "73"]
[EventDate "1999.??.??"]

1. e4 1... d5 {Opening = B01 - 1.e4 d5} 2. e5 Nc6 3. d4 e6 4. Ne2 $146 (4. c3
b6 5. Bd3 Bb7 6. Ne2 g6 7. O-O Bg7 8. f4 Nge7 9. Nd2 Qd7 10. Nf3 Na5 11. b3 c5
12. Be3 Rc8 13. Rc1 O-O 14. g4 cxd4 15. Nfxd4 Nac6 16. f5 exf5 17. gxf5 Bxe5
18. Qe1 18... Nxd4 {Kariz,P-Zorman,V/Ljubljana 1994/TD/0-1 (34)}) (4. f4 b6 (
4... g6 5. Nf3 Bg7 6. Be2 Nh6 7. O-O O-O 8. Be3 Ng4 9. Qd2 Nxe3 10. Qxe3 Bd7
11. c3 Ne7 12. Nbd2 a6 13. a4 Nf5 14. Qd3 Qe8 15. b3 Bh6 16. g4 Ne7 17. g5 Bg7
18. Kf2 Nf5 19. Rh1 c6 20. Nf1 b5 21. a5 Qe7 22. b4 Rfc8 23. Ng3 Nxg3 24. hxg3
c5 25. bxc5 Rab8 26. Qb1 Qd8 27. Qf1 b4 28. Qh3 h5 29. gxh6 Bf8 30. Ng5 Be7 31.
h7+ Kh8 32. Nxf7+ Kg7 33. Nxd8 {
1-0 Reardon,S-Winder,T/Canberra 1992/EXT 98 (33)}) 5. Nf3 Bb7 6. Bd3 Qd7 7. O-O
f5 8. Be3 Nge7 9. Nbd2 Nb4 10. Be2 Rc8 11. a3 Na6 12. c4 dxc4 13. Bxc4 Nd5 14.
Qe2 Nb8 15. Rac1 Be7 16. Nb1 O-O 17. Nc3 Rfd8 18. Nxd5 18... Bxd5 {
Topi Hulmi,T-Jarvela,J/Turku 1998/EXT 99/ - (89)}) (4. a3 Be7 5. Be3 f6 6. f4
f5 7. Qh5+ g6 8. Qh3 b6 9. Nf3 Bb7 10. c3 Qd7 11. Nbd2 O-O-O 12. b4 a6 13. Bd3
b5 14. Nb3 h6 15. Qg3 Qe8 16. Ke2 Bf8 17. Rhb1 h5 18. Ra2 Nh6 19. h3 Rg8 20.
Rba1 Na7 21. Na5 Bc6 22. Nxc6 Qxc6 23. Qe1 Be7 24. Kf1 Kd7 25. Bd2 Qb6 26. Qe2
c6 27. a4 Ra8 28. axb5 axb5 29. Be3 Qb7 30. Ra6 Rgb8 31. R1a5 Bd8 32. Ra3 Nc8
33. Qa2 Rxa6 34. Rxa6 Ke8 35. Bf2 Nf7 36. Bh4 Bb6 37. g4 hxg4 38. hxg4 38...
fxg4 {Sanchez,I-Perez/Las Palmas 1993/EXT 98/0-1 (48)}) 4... b6 5. Nf4 Nge7 6.
Be2 Ng6 7. Nxg6 7... hxg6 {Sichert h5} 8. c3 {Befestigt b4} 8... Be7 9. O-O f5
10. Nd2 Bb7 11. a4 Kd7 12. a5 $11 (12. b4 $5 $14) 12... a6 $14 {Ueberdeckt b5}
(12... Nxa5 $5 {ist zu erwaegen} 13. b4 13... Nc6 $15) 13. axb6 cxb6 14. b3 g5
15. Ba3 15... g4 {Raumvorteil} 16. Re1 $4 $19 {wirft den Vorteil weg} (16. Bxe7
$142 {und Weiss kann noch kaempfen} 16... Qxe7 17. g3 $11) 16... Bxa3 17. Rxa3
17... g5 $4 $11 {wirft den Vorteil weg} (17... Rxh2 $1 $142 {
nun kommt Schwarz in Vorteil} 18. Nf1 18... Rh6 $19) 18. Bd3 Qe8 19. Qc2 19...
f4 {Schwarz engt den Gegner ein} 20. Bg6 $15 (20. Rea1 Qh5 21. Nf1 Rac8 22.
Bxa6 Bxa6 23. Rxa6 23... g3 $11) 20... Qf8 21. Rea1 Qh6 22. Nf1 22... Rag8 $11
(22... g3 $5 $17) 23. Bd3 {Im Brennpunkt: a6} 23... g3 24. fxg3 fxg3 25. h3 g4
26. Bxa6 Bxa6 27. Rxa6 gxh3 28. Rxb6 28... Kc7 $4 $18 {laesst den Gewinn aus} (
28... Rf8 29. Rxc6 {
fuer Weiss fuehrt kein Weg daran vorbei, das Material zurueckzugeben} 29...
Kxc6 $15) 29. Raa6 h2+ 30. Kh1 {Droht Matt} 30... Nb8 (30... Na5 {
ist noch eine Idee} 31. Qd3 Ra8 32. Rxe6 32... Qg7 $18) 31. Rxe6 (31. Ra7+ Kc8
32. Qa2 Rh7 33. Rc6+ Nxc6 34. Qa6+ Kd8 35. Qb6+ Ke8 36. Qxc6+ Rd7 37. Qxd7+ Kf8
38. Qe7#) 31... Rf8 {Droht Matt: Rxf1} 32. Qd1 (32. Qd3 $5 {
damit wuerde Weiss es sich noch erleichtern} 32... Nxa6 33. Rxh6 Rxh6 34. Nxg3
34... Nb8 $18) 32... Qh5 (32... Qf4 33. Rf6 Nxa6 34. Rxf4 34... Rxf4 $18) 33.
Ra7+ 33... Kc8 {Es droht Matt} 34. Qd3 Qf5 (34... Rh6 {ist der letzte Strohhalm
} 35. Ree7 $1 {die Pointe} 35... Rb6 $18) 35. Re8+ $1 {
nicht am Material kleben ist die Devise} 35... Rxe8 36. Qxf5+ 36... Kd8 {
Droht Rhf8} 37. Qf7 (37. Qf7 Rh7 38. Qxh7 Re7 39. Qxe7+ Kc8 40. Qc7#) 1-0

[Event "ICS rated blitz match"]
[Site "204.178.125.65"]
[Date "1999.09.18"]
[Round "?"]
[White "Hossa"]
[Black "WhiteHorse"]
[Result "1-0"]
[WhiteElo "2560"]
[BlackElo "2398"]
[Annotator "Fritz 5.32 (20s)"]
[PlyCount "101"]
[EventDate "1999.??.??"]

1. e4 1... d5 {Opening = B01 - 1.e4 d5} 2. e5 Nc6 3. d4 b6 4. Nf3 e6 5. Be2 (5.
c3 Bb7 6. Bb5 Nge7 7. Nbd2 Qd7 8. O-O Ng6 9. Re1 Be7 10. Nf1 O-O 11. Ne3 Qc8
12. g3 Nd8 13. h4 f5 14. exf6 Bxf6 15. Bf1 c5 16. Bh3 Qc6 17. Ng2 Bc8 18. h5
Nh8 19. h6 g6 20. Ne3 Nhf7 21. Ng4 Bh8 22. Bf4 a5 23. Rc1 Ra7 24. Rc2 e5 25.
Nfxe5 Nxe5 26. Bxe5 Bxg4 27. Qxg4 Bxe5 28. Rxe5 Raf7 29. Bg2 {
1-0 Hansen,L-Schultz Pedersen,J/Copenhagen 1996/CBM 54/[King] (29)}) 5... Nge7
6. O-O 6... h6 $146 {Sichert g5} (6... a5 7. c4 dxc4 8. Bxc4 Ba6 9. Bxa6 Rxa6
10. Nc3 Nd5 11. Qe2 Ra8 12. Qe4 Qd7 13. Re1 Bb4 14. Bd2 Nce7 15. a3 Bxc3 16.
bxc3 b5 17. a4 h6 18. Reb1 c6 19. Qd3 Nc7 20. Bc1 O-O 21. Ba3 {
Illescas Cordoba,M-Sahovic,D/Montpellier 1988/EXT 97/ - (45)}) 7. Nbd2 g5 8. c3
{Deckt b4} 8... Ng6 9. b4 9... Be7 $14 (9... Nf4 10. Bb5 Qd7 11. Nb1 $14) 10.
Nb3 Bb7 11. a4 11... a6 {Kontrolliert b5} 12. b5 {Raumgewinn} 12... Nb8 13. Ba3
a5 14. Bxe7 {Weiss verhindert die kurze Rochade} 14... Qxe7 15. Bd3 Nf4 16. c4
(16. Bc2 16... c6 $11) 16... Nd7 17. cxd5 17... Bxd5 {
Der Laeufer kann schlecht vertrieben werden} ({Schwaecher scheint} 17... exd5
18. Bf5 $14) (17... Nxd3 18. dxe6 Nf4 19. exd7+ Qxd7 20. e6 fxe6 21. Ne5 $11)
18. Rc1 (18. Nc1 $5 $17) 18... Nxg2 {
Weiss erhaelt starke Drohungen in der geoeffneten c-Linie} (18... g4 19. Ne1
Qb4 20. Nd2 Qxd4 21. Bc4 Nxe5 22. Bxd5 Nxd5 23. Nb1 $19) 19. Rxc7 $2 $19 (19.
Kxg2 $142 19... g4 20. Nbd2 gxf3+ 21. Nxf3 $19) 19... g4 $4 $17 {
vergibt den Vorteil} (19... Nf4 20. Bc4 g4 21. Bxd5 Nxd5 (21... exd5 $6 22. Ne1
$15) 22. Rxd7 22... Qxd7 $19) 20. Nfd2 {Die Marschroute lautet Sf3-d2-e4-d6}
20... Qh4 21. Ne4 $2 $19 (21. Be4 $142 {ist noch spielbar} 21... Nf4 22. Bxd5
Nxd5 23. Rc6 $15) 21... Nf4 {Droht entscheidend Qh3} 22. Qc2 (22. f3 Rg8 23.
Rxd7 gxf3+ 24. Kh1 24... Bxe4 $19) 22... Rg8 $4 $11 {
wild schwanken die Waagschalen...} (22... Bxb3 $142 {und Schwarz gewinnt} 23.
Nd6+ 23... Kf8 $19) 23. Nd6+ {
Da gehoert der Springer hin. Weiss erhaelt Koenigsangriff} 23... Kf8 {
Droht Matt: Nh3} 24. Be4 24... Bxe4 $14 (24... Rd8 $5 $142 {ist zu ueberlegen}
25. Bxd5 25... Nxd5 $15 (25... exd5 $143 26. Qf5 Nh3+ 27. Kg2 $18)) 25. Qxe4 {
Weiss droht stark Rxd7} (25. Nxe4 25... Qh3 $1 {die Entscheidung} 26. f3 gxf3+
27. Ng3 Rxg3+ 28. hxg3 Qxg3+ 29. Kh1 Ne2 30. Qxe2 30... fxe2 $19) 25... Rd8 $4
$18 {fuehrt zu weiteren Sorgen} (25... Nh3+ $142 26. Kh1 26... Rd8 $16) 26.
Qxf4 {Droht Matt: Qxf7} 26... Qe7 (26... Rg7 {
bot noch bessere Widerstandsmoeglichkeiten} 27. Rfc1 27... Kg8 $18) 27. Qxh6+
Rg7 28. Nb7 (28. Ne4 $18 $142 {sichert den Gewinn}) 28... Rb8 29. Rfc1 Kg8 30.
Nd6 g3 (30... Rg6 {ist noch eine duenne Chance} 31. Qf4 31... Rd8 $18) 31. fxg3
(31. Rxd7 $142 {waere im Gewinnsinne praeziser} 31... gxh2+ 32. Kxh2 Qg5 33.
Qxg5 Rxg5 34. Rxf7 Rh5+ 35. Kg3 Rg5+ 36. Kf4 36... Rg2 $18) 31... Rf8 (31...
Rg6 {die letzte Gegenchance} 32. Qh5 32... Rd8 $18) 32. Ne4 Rg6 33. Nf6+ (33.
Rxd7 $142 {machte sofort alles klar} 33... Rxh6 34. Rxe7 34... Kg7 $18) 33...
Nxf6 (33... Qxf6 {holt die Kuh nicht vom Eis} 34. Qxf8+ $1 {
und der Wal spuckt Jonas wieder aus} (34. Rxd7 $6 {waere ein Fehlgriff} 34...
Rxg3+ (34... Rxh6 $4 {ein fetter Happen, aber} 35. exf6 Rxf6 36. Kg2 $18) 35.
hxg3 35... Qxh6 $15) 34... Kxf8 35. exf6 (35. Rxd7 Qf3 36. Rxf7+ 36... Kxf7 $11
(36... Qxf7 $143 37. Rf1 $16)) 35... Nxf6 36. Rc8+ Kg7 37. Nxa5 $18) 34. Qxg6+
$1 {Rueckgabe des Materials ist das staerkste} 34... fxg6 35. Rxe7 (35. exf6 {
scheitert an} 35... Qxf6 36. R7c2 36... Qe7 $19) 35... Nd5 36. Rxe6 Kg7 (36...
Rf3 {aendert den traurigen Lauf der Dinge nicht} 37. Rd6 $18) 37. Rcc6 (37. Rd6
{laesst dem Gegner kaum Chancen} 37... Rf3 $18) 37... Kf7 (37... Rf3 {
hilft allerdings auch nicht} 38. Rxg6+ Kf7 39. Rgd6 Rxb3 40. Rxd5 $18) 38. Rf6+
(38. Red6 $142 {und Weiss ist direkt am Ziel} 38... Ne7 39. Rxb6 39... Re8 $18)
38... Nxf6 39. Rxf6+ Ke7 40. Rxf8 Kxf8 41. d5 Ke7 42. d6+ Kd7 43. Nxa5 43...
bxa5 {Der Freibauer b5 wird schnell zu einer gefaehrlichen Waffe} 44. h3 g5 45.
g4 {Mit der Absicht Kh1} 45... Ke6 46. b6 $1 {die Entscheidung. Droht Matt}
46... Kd7 (46... Kd5 {nuetzt auch nichts mehr} 47. d7 Kd4 48. d8=Q+ Kc3 49. b7
Kb2 50. Qd4+ Ka3 51. b8=Q Ka2 52. Qbb2#) 47. b7 Ke6 48. b8=Q Kxe5 (48... Kd5 {
hilft auch nicht mehr} 49. d7 Ke4 50. d8=Q Kf4 51. Qd2+ Ke4 52. Qb7+ Kxe5 53.
Qe7#) 49. d7+ Ke4 (49... Kd4 {aendert nichts mehr} 50. d8=Q+ Kc3 51. Qd5 Kc2
52. Qbb3+ Kc1 53. Qxg5#) 50. d8=Q Kf3 (50... Ke3 {
aendert nichts am Ausgang der Partie} 51. Qe5+ Kf3 52. Qd3#) 51. Qd3# 1-0

[Event "ICS rated blitz match"]
[Site "204.178.125.65"]
[Date "1999.10.10"]
[Round "?"]
[White "Hossa"]
[Black "WhiteHorse"]
[Result "0-1"]
[WhiteElo "2540"]
[BlackElo "2433"]
[PlyCount "84"]
[EventDate "1999.??.??"]

1. e4 c5 2. Nc3 Nc6 3. g3 e5 4. Nf3 d6 5. Bg2 g6 6. d3 Bg7 7. Nd5 Nge7 8. Bg5
h6 9. Bf6 O-O 10. O-O Qd7 11. c4 Nxd5 12. Bxg7 Kxg7 13. cxd5 Ne7 14. Nd2 f5 15.
f3 f4 16. g4 g5 17. Rc1 Ng6 18. a3 a5 19. Nc4 Qc7 20. Qb3 Ra6 21. Rc2 Rh8 22.
Rfc1 h5 23. gxh5 Rxh5 24. Kh1 Qd8 25. a4 g4 26. fxg4 Bxg4 27. Qxb7+ Kh6 28.
Qxa6 Qh4 29. Kg1 Qxh2+ 30. Kf1 f3 31. Ne3 fxg2+ 32. Nxg2 Bf3 33. Qxd6 Qh1+ 34.
Kf2 Qxg2+ 35. Ke3 Qg5+ 36. Kxf3 Rh3+ 37. Kf2 Qe3+ 38. Kf1 Rf3+ 39. Kg2 Rg3+ 40.
Kh2 Rh3+ 41. Kg2 Qf3+ 42. Kg1 42... Rh1# {Hossa checkmated} 0-1

[Event "ICS rated blitz match"]
[Site "204.178.125.65"]
[Date "1999.09.19"]
[Round "?"]
[White "Hossa"]
[Black "WhiteHorse"]
[Result "1-0"]
[WhiteElo "2578"]
[BlackElo "2365"]
[PlyCount "56"]
[EventDate "1999.??.??"]

1. e4 e5 2. Nf3 Nc6 3. Bb5 d6 4. d4 exd4 5. Nxd4 Bd7 6. Be3 Nxd4 7. Bxd7+ Qxd7
8. Bxd4 Nf6 9. Bxf6 gxf6 10. Nc3 c6 11. Qd4 Bg7 12. Rd1 Rd8 13. Rd3 Qe6 14.
Qxa7 f5 15. Qxb7 fxe4 16. Qxc6+ Kf8 17. Nxe4 Bxb2 18. Rxd6 Rxd6 19. Qxd6+ Qxd6
20. Nxd6 Ke7 21. Nc4 Bc3+ 22. Ke2 Ra8 23. Kd3 Bb4 24. Nb6 Rd8+ 25. Kc4 Bd2 26.
a4 Kf8 27. Rd1 Rd6 28. Kb5 28... Ke7 {WhiteHorse resigns} 1-0

[Event "ICS rated blitz match"]
[Site "204.178.125.65"]
[Date "1999.09.29"]
[Round "?"]
[White "Hossa"]
[Black "WhiteHorse"]
[Result "1-0"]
[WhiteElo "2446"]
[BlackElo "2265"]
[Annotator "Fritz 5.32 (29s)"]
[PlyCount "131"]
[EventDate "1999.??.??"]

1. d4 g6 2. e4 Bg7 3. Bc4 d6 4. Ne2 Nf6 5. Nbc3 O-O 6. O-O c6 (6... Nc6 7. f3 (
7. Be3 e5 8. f4 Bh6 9. Qd2 Ng4 10. h3 Nxe3 11. Qxe3 Qh4 12. Rad1 Nxd4 13. Nxd4
exd4 14. Rxd4 Bg7 15. Rd2 Be6 16. Be2 f5 17. exf5 Bxf5 18. Nb5 Rae8 19. Qb3+
Be6 20. Bc4 Bxc4 21. Qxc4+ Kh8 22. b3 Re1 23. Rdf2 Rfe8 24. Rxe1 Rxe1+ 25. Rf1
Qf2+ 26. Kxf2 {1-0 Kinder,J-Werther,J/Leipzig 1997/EXT 98 (26)}) 7... e6 8. Be3
d5 9. Bb3 dxe4 10. Nxe4 h6 11. c3 b6 12. Qd2 Kh7 13. Nxf6+ Qxf6 14. Ng3 Na5 15.
Qc2 Kg8 16. Qd2 Kh7 17. Qc2 Kg8 18. Qd2 Qh4 19. Bf2 Nxb3 20. axb3 Qe7 21. b4
Bb7 22. Ra3 Rfd8 23. Rfa1 a6 24. Qe2 Qg5 25. Ne4 Qb5 26. Qxb5 axb5 27. Bg3 Rxa3
28. Rxa3 e5 29. dxe5 Bxe4 30. fxe4 Rd2 31. Ra8+ Kh7 32. Rc8 c5 33. bxc5 bxc5
34. Rxc5 Rxb2 35. Kf1 b4 36. cxb4 Rxb4 37. Rc7 Kg8 38. Rc8+ Kh7 39. Rc7 {
- Seppelt,A-Engelbert,C/BL2-N 1988/GER-chT2 (39)}) 7. Bg5 $146 (7. f3 b5 8. Bb3
Nbd7 9. Be3 a5 10. a4 b4 11. Nb1 Ba6 12. c4 bxc3 13. bxc3 Rb8 14. Re1 c5 15.
Nd2 Qc7 16. Rb1 e5 17. Rc1 Rfc8 18. Bc4 Qa7 19. d5 Bxc4 20. Nxc4 Qa6 21. Na3
21... c4 {Jellema,L-Roobol,M/Nijmegen 1992/EXT 99/0-1 (66)}) (7. a3 Nbd7 8. f4
e6 9. e5 Ne8 10. Be3 Qc7 11. b4 Nb6 12. Bb3 12... f6 {
- Kavcic,U-Kovacic,P/Tomo Zupan 1994/EXT 98 (12)}) (7. Bb3 7... c5 $11) 7... h6
8. Bxf6 Bxf6 9. Qd2 Bg7 10. Qf4 $15 (10. Rad1 10... e6 $11) 10... Nd7 11. Rad1
Nb6 (11... b5 12. Bb3 $11) 12. Bb3 12... e6 {Verwehrt dem Gegner d5} 13. a4 a5
14. Rfe1 Kh7 15. Nb1 (15. Qg3 15... Qc7 $11) 15... Qe7 16. c4 e5 17. Qe3 Nd7
18. f4 exd4 19. Nxd4 Nf6 20. Nc3 Bg4 21. Rd2 Rad8 22. Bd1 Bxd1 23. Rdxd1 23...
Rfe8 {Alles auf e4!} 24. Qf3 Nd7 25. Qg3 25... c5 $14 (25... Nc5 $5 $15 $142 {
ist vielleicht staerker}) 26. Nd5 {Der Springer hat sein Ziel erreicht} 26...
Bxd4+ $16 {Da gehoert der Laeufer hin} (26... Qf8 27. Nb5 Nf6 28. Nbc7 Nxd5 29.
Nxe8 (29. cxd5 $143 29... Re7 30. Nb5 30... Bxb2 $15) 29... Bd4+ 30. Rxd4 cxd4
31. Nxd6 Nxf4 32. e5 $11) 27. Rxd4 Qf8 28. Rd2 28... Qg7 $16 (28... Re6 29. Qc3
$14) 29. Nc7 Re7 30. Nb5 (30. Rxd6 $5 30... Qxb2 31. Qh4 $18) 30... Nf6 (30...
Nb6 31. b3 $14 (31. Rxd6 $2 {laeuft nicht} 31... Rxd6 32. Nxd6 Qd4+ 33. Qe3
33... Qxd6 $19)) 31. e5 (31. Nxd6 $6 31... Rxe4 32. Red1 32... Re6 $14) 31...
Nh5 $18 (31... Ne8 32. Red1 $16) 32. Qe3 $16 (32. Qh4 Qf8 33. Nxd6 33... Red7
$18) 32... Rde8 $2 $18 (32... g5 $142 33. Rxd6 Rxd6 34. Nxd6 gxf4 35. Qxc5
35... f3 $16) 33. Nxd6 Rf8 34. Qxc5 f6 35. Rd4 (35. Qe3 fxe5 36. fxe5 36... Nf6
$18) 35... Rd8 $2 (35... fxe5 36. fxe5 36... b6 $18) 36. e6 f5 (36... Rg8 $18 {
sonst gehen die Lichter sofort aus}) 37. Nxf5 $1 {nun ist alles klar} 37...
gxf5 38. Qxf5+ (38. Rxd8 {laesst dem Gegner kaum Chancen} 38... Qf6 39. Rd7
39... Rg7 $18) 38... Qg6 39. Qxg6+ $1 {ganz unerschrocken} 39... Kxg6 40. Rxd8
Nxf4 41. Rd6 Kf5 42. Rd7 (42. Rf1 {erleichterte Weiss die Gewinnfuehrung} 42...
Ke4 $18) 42... Rxe6 43. Rxe6 Nxe6 (43... Kxe6 {macht keinen grossen Unterschied
} 44. Rxb7 Ke5 45. Rb5+ Kd4 46. b3 $18) 44. Rxb7 Ke5 (44... Ke4 {
aendert den traurigen Lauf der Dinge nicht} 45. Re7 Kf5 46. Rxe6 Kxe6 47. Kf2
$18) 45. Re7 Kd6 46. Rh7 (46. Rxe6+ $5 $142 {ist genauer} 46... Kxe6 47. Kf2
47... Kd6 $18) 46... Nc5 47. Rxh6+ {Der Freibauer g2 koennte gefaehrlich werden
} 47... Ke5 (47... Kd7 {ist der letzte Strohhalm} 48. Rh5 48... Nxa4 $18) 48.
Rh5+ Kd4 49. g4 (49. Rxc5 $142 {liesse Schwarz keine Chance} 49... Kxc5 50. b3
50... Kb4 $18) 49... Ne6 (49... Nxa4 {
kann das Vorangegangene nicht ungeschehen machen} 50. Rxa5 Nxb2 51. g5 Nxc4 52.
Ra4 $18) 50. Rf5 Ng7 (50... Ke4 {holt die Kuh nicht vom Eis} 51. h4 Nd4 52. h5
Nxf5 53. gxf5 Kxf5 54. Kf2 $18) 51. Rf1 (51. h4 $142 {ist der schnellste Weg}
51... Kxc4 52. h5 Nxf5 53. gxf5 53... Kd5 $18) 51... Kxc4 (51... Ne6 {
hilft auch nicht mehr} 52. h4 $18) 52. g5 (52. h4 $142 {
machte sofort alles klar} 52... Ne6 53. Rf6 53... Kd5 $18) 52... Nh5 53. Rf3
Kb4 (53... Kd5 {aendert nichts mehr} 54. Kf2 $18) 54. b3 (54. Rf7 {
gibt noch groesseren Vorteil} 54... Kc5 55. Kg2 55... Kd6 $18) 54... Ng7 (54...
Ka3 {aendert nichts am Ausgang der Partie} 55. Rf7 $18) 55. g6 Kc5 (55... Ne8 {
macht keinen grossen Unterschied} 56. Rf7 $1 {kraeftig gespielt} 56... Kc5 57.
h4 $18) 56. Rf7 {Droht Matt: Rxg7} 56... Nh5 {
Wenn Schwarz nun zu Kc6 kommt, geht es ihm besser} 57. Rf5+ Kb4 58. Rxh5 Ka3 (
58... Kxb3 {waere gleichermassen fruchtlos} 59. g7 Kc3 60. g8=Q Kd4 61. Qb3 Ke4
62. Qd5+ Kf4 63. Kf2 Kg4 64. Qf3#) 59. Rb5 (59. g7 Kxb3 60. g8=Q+ Kc3 61. Rc5+
Kd4 62. Qc4+ Ke3 63. Re5+ Kd2 64. Re2+ Kd1 65. Qc2#) 59... Kb2 60. Kf2 (60. g7
Kc3 61. g8=Q Kb2 62. Qg7+ Kc2 63. Rc5+ Kd3 64. Qc3+ Ke4 65. Re5+ Kf4 66. Qg3#)
60... Ka3 61. g7 {Mit der Mattdrohung g8Q} 61... Kb2 62. g8=Q Ka2 63. Ke3 (63.
b4+ Kb2 64. bxa5+ Kc3 65. Qb3+ Kd4 66. Rd5+ Ke4 67. Qf3#) 63... Ka3 64. b4 axb4
(64... Kxa4 {hilft allerdings auch nicht} 65. Qd5 Ka3 66. bxa5 Ka4 67. Qb3#)
65. Qc4 b3 (65... Kb2 {kann das Vorangegangene nicht ungeschehen machen} 66.
Qxb4+ Kc2 67. Qd2#) 66. Qxb3# 1-0

[Event "ICS rated blitz match"]
[Site "204.178.125.65"]
[Date "1999.09.29"]
[Round "?"]
[White "Hossa"]
[Black "WhiteHorse"]
[Result "1-0"]
[WhiteElo "2462"]
[BlackElo "2249"]
[PlyCount "53"]
[EventDate "1999.??.??"]

1. d4 g6 2. e4 Bg7 3. Bc4 d6 4. Ne2 c6 5. Bg5 Nf6 6. Nd2 h6 7. Bxf6 Bxf6 8. O-O
Bg7 9. c3 O-O 10. Nf4 Kh7 11. Qb3 e6 12. Nf3 d5 13. Bd3 Nd7 14. exd5 cxd5 15.
Bxg6+ fxg6 16. Nxe6 Qa5 17. Nxf8+ Nxf8 18. Rae1 b6 19. Ne5 Ba6 20. Nc6 Qb5 21.
Nb4 Bb7 22. Re7 Rb8 23. Rfe1 Ba8 24. Rxa7 Kh8 25. a4 Qc4 26. Qxc4 dxc4 27. Rc7
{WhiteHorse resigns} 1-0

[Event "ICS rated blitz match"]
[Site "204.178.125.65"]
[Date "1999.09.19"]
[Round "?"]
[White "Hossa"]
[Black "WhiteHorse"]
[Result "1-0"]
[WhiteElo "2592"]
[BlackElo "2351"]
[PlyCount "149"]
[EventDate "1999.??.??"]

1. e4 e5 2. Nf3 Nc6 3. Bb5 d6 4. d4 exd4 5. Nxd4 Bd7 6. Be3 Nxd4 7. Bxd7+ Qxd7
8. Bxd4 Ne7 9. Nc3 Nc6 10. O-O Be7 11. Nd5 O-O-O 12. Bxg7 Rhg8 13. Bf6 Qe6 14.
Bxe7 Nxe7 15. Nxe7+ Qxe7 16. Qf3 Kb8 17. Qf5 Rg6 18. f3 Rdg8 19. Rf2 a6 20. Rd1
f6 21. c4 Rg5 22. Qh3 Rc5 23. b3 Rcg5 24. Rd5 R5g6 25. a3 R8g7 26. Rfd2 Qf7 27.
b4 Ka7 28. c5 dxc5 29. bxc5 c6 30. R5d4 Qb3 31. g3 Qxf3 32. R2d3 Qg4 33. Qxg4
Rxg4 34. Kf2 a5 35. Ra4 Kb8 36. h3 R4g5 37. Rxa5 b6 38. Ra6 Rxc5 39. Rxb6+ Kc7
40. Rb2 Re5 41. Kf3 Rge7 42. Rd4 f5 43. exf5 Rxf5+ 44. Kg4 Ra5 45. a4 Rg7+ 46.
Kf4 Rf7+ 47. Ke4 Re7+ 48. Kf3 Rae5 49. Kf4 Ra5 50. g4 Rf7+ 51. Ke4 Re7+ 52. Kd3
Rae5 53. Kc4 Re3 54. h4 R3e4 55. a5 c5 56. Rxe4 Rxe4+ 57. Kxc5 Re5+ 58. Kb4
Re4+ 59. Ka3 Rxg4 60. a6 Rg3+ 61. Ka4 Rg4+ 62. Ka5 Rg8 63. Rb7+ Kc6 64. Rxh7
Rg2 65. a7 Ra2+ 66. Kb4 Rb2+ 67. Ka3 Rb6 68. Rh6+ Kb5 69. Rxb6+ Kxb6 70. a8=Q
Kc7 71. Qd5 Kb6 72. Qd7 Kc5 73. Kb3 Kb6 74. Kc4 Ka5 75. Qa7# {
WhiteHorse checkmated} 1-0

[Event "ICS rated blitz match"]
[Site "204.178.125.65"]
[Date "1999.10.03"]
[Round "?"]
[White "Hossa"]
[Black "Wildbill"]
[Result "1-0"]
[WhiteElo "2461"]
[BlackElo "2292"]
[PlyCount "31"]
[EventDate "1999.??.??"]

1. e4 c5 2. c3 Nf6 3. e5 Nd5 4. d4 cxd4 5. cxd4 b6 6. Bc4 Bb7 7. Ne2 g6 8. Bg5
Bg7 9. Qb3 Nc7 10. Bxf7+ Kf8 11. O-O h6 12. Nf4 Bxe5 13. Nxg6+ Kg7 14. Bxe7 Qc8
15. Nxe5 d6 16. Qg3+ {Wildbill resigns} 1-0